00373pab a2200133 454500008003600000245007100036650002000107650002200127650001600149650001200165650001500177650001300192773003400205180718b xxu||||| |||| 00| 0 eng d aSpecial issue on the politics of reform in comparative perspective a Social Protest a Social Democracy a Revolution a Reform a Democracy aPolitics aComparative Political Studies